[Event "GRE-chT 47th"]
[Site "Patras"]
[Date "2019.07.03"]
[Round "2.6"]
[White "Dereka, Konstantina"]
[Black "Kyriakidou, Chrysa"]
[Result "0-1"]
[WhiteElo "1469"]
[BlackElo "1338"]
[PlyCount "96"]
[EventDate "2019.07.02"]
[EventType "team-swiss"]
[EventRounds "7"]
[EventCountry "GRE"]
[SourceTitle "CBM 191 Extra"]
[Source "ChessBase"]
[SourceDate "2019.09.30"]
[SourceVersion "1"]
[SourceVersionDate "2019.09.30"]
[SourceQuality "1"]
[WhiteTeam "Peristeriou SH"]
[BlackTeam "Heraklion OF"]
[WhiteTeamCountry "GRE"]
[BlackTeamCountry "GRE"]

1. d4 d5 2. c4 c6 3. Nc3 Nf6 4. Nf3 a6 5. Bg5 dxc4 6. e3 Bg4 7. Bxc4 e6 8. 0-0 Be7 9. h3 Bh5 10. Qe2 0-0 11. Rad1 Nbd7 12. e4 Nb6 13. Bd3 Re8 14. Rfe1 Rc8 15. a3 Nfd7 16. Bxe7 Qxe7 17. Qe3 Bg6 18. Ne5 c5 19. Nxd7 Nxd7 20. d5 e5 21. Bc4 Qd6 22. Ne2 b5 23. Bd3 Nb6 24. f4 f6 25. f5 Bf7 26. g4 Re7 27. Kh1 Nd7 28. h4 c4 29. Bb1 Nc5 30. g5 Bh5 31. Rg1 Bxe2 32. Qxe2 Rf8 33. h5 Kh8 34. Rg4 Nd7 35. Rdg1 Nc5 36. Qg2 fxg5 37. Rxg5 Qh6 38. Qf2 Nd7 39. R1g2 Qb6 40. Qh4 Qf6 41. Qh3 Ref7 42. Rg6 Qe7 43. Rxa6 Rf6 44. Rg6 Rxa6 45. Rxa6 Qg5 46. Rg6 hxg6 47. hxg6+ Qh6 48. Qxh6+ gxh6 0-1

[Event "GRE-ch Schools Gymnasia-C 30th"]
[Site "Peristeri"]
[Date "2018.04.02"]
[Round "9"]
[White "Kyriakidou, Chrysa"]
[Black "Sahinidis, Konstantinos"]
[Result "0-1"]
[WhiteElo "1283"]
[BlackElo "1318"]
[PlyCount "92"]
[EventDate "2018.04.01"]
[EventType "swiss (rapid)"]
[EventRounds "9"]
[EventCountry "GRE"]
[SourceTitle "EXT 2019"]
[Source "ChessBase"]
[SourceDate "2018.10.10"]
[SourceVersion "1"]
[SourceVersionDate "2018.10.10"]
[SourceQuality "1"]

1. d4 d6 2. Nf3 Nd7 3. Bf4 g6 4. e3 Bg7 5. h3 Nh6 6. Be2 0-0 7. 0-0 Kh8 8. Bh2 e5 9. c3 f5 10. dxe5 dxe5 11. Na3 g5 12. Nc4 Qe7 13. Qd5 Nf7 14. Rad1 Nb6 15. Nxb6 axb6 16. Bc4 c6 17. Qd2 Rd8 18. Qe2 Be6 19. Bxe6 Qxe6 20. b3 Bf6 21. Rxd8+ Rxd8 22. Rd1 Rg8 23. Ne1 Ra8 24. c4 Qe7 25. Qc2 Nh6 26. Nd3 Rd8 27. Ne1 Rg8 28. Qd3 Ra8 29. Rd2 Qb4 30. Qc2 e4 31. Bd6 c5 32. Kf1 Nf7 33. Bh2 Bc3 34. Rd1 b5 35. cxb5 Qxb5+ 36. Kg1 Qa5 37. f3 Bxe1 38. Qc4 Qa6 39. Qxf7 Bc3 40. Qd5 Qe2 41. Be5+ Bxe5 42. Qxe5+ Kg8 43. Qe6+ Kh8 44. Rd7 Qxe3+ 45. Kh2 Qf4+ 46. g3 Rxa2+ 0-1

[Event "GRE-ch Schools Gymnasia-C 30th"]
[Site "Peristeri"]
[Date "2018.04.01"]
[Round "1"]
[White "Kyriakidou, Chrysa"]
[Black "Vardakas, Grigorios"]
[Result "1/2-1/2"]
[WhiteElo "1283"]
[BlackElo "2075"]
[PlyCount "143"]
[EventDate "2018.04.01"]
[EventType "swiss (rapid)"]
[EventRounds "9"]
[EventCountry "GRE"]
[SourceTitle "EXT 2019"]
[Source "ChessBase"]
[SourceDate "2018.10.10"]
[SourceVersion "1"]
[SourceVersionDate "2018.10.10"]
[SourceQuality "1"]

1. d4 Nf6 2. Nf3 e6 3. Bf4 c5 4. c3 cxd4 5. cxd4 d6 6. e3 Be7 7. h3 0-0 8. Bd3 Nbd7 9. Nc3 a6 10. 0-0 Re8 11. Bh2 b5 12. Rc1 Bb7 13. Ng5 h6 14. Nge4 Nxe4 15. Nxe4 Nf6 16. Nxf6+ Bxf6 17. a4 b4 18. Qe2 Be7 19. Rfe1 Qb6 20. Qh5 a5 21. f4 Rec8 22. Rxc8+ Rxc8 23. f5 Qc6 24. Qg4 exf5 25. Bxf5 Rd8 26. Rf1 h5 27. Qf3 Qxf3 28. gxf3 g6 29. Bd3 Bg5 30. Kf2 Bh4+ 31. Bg3 Bxg3+ 32. Kxg3 Rc8 33. Kf4 Kf8 34. e4 Ke7 35. h4 Kf6 36. Ke3 Rc7 37. f4 Bc8 38. e5+ Ke7 39. Kd2 Bd7 40. Bc2 Rc8 41. Bb3 f6 42. Ke3 fxe5 43. fxe5 dxe5 44. dxe5 Be6 45. Bxe6 Kxe6 46. Kd4 Rd8+ 47. Ke4 Rg8 48. Rf6+ Ke7 49. Kd5 g5 50. hxg5 Rxg5 51. Rh6 Rg2 52. Rh7+ Kf8 53. Rxh5 Rxb2 54. Rh8+ Ke7 55. Rh7+ Kf8 56. Ra7 Rd2+ 57. Ke6 b3 58. Rxa5 Rd4 59. Rb5 Rxa4 60. Rxb3 Ra6+ 61. Kf5 Ke7 62. Rh3 Ke8 63. Rg3 Ke7 64. Rg7+ Kf8 65. Rg6 Rxg6 66. Kxg6 Ke7 67. Kf5 Kf7 68. e6+ Ke7 69. Ke5 Ke8 70. Kd6 Kd8 71. e7+ Ke8 72. Ke6 1/2-1/2